Top 30 : A$AP Rocky - Statistiques

Statistiques générales
  • Ce quiz a été pris 27 fois
  • Le résultat moyen est 11 sur 30
Statistiques - réponses
Top Titres Featuring % Correct
1 Praise The Lord (Da Shine) Skepta
87%
4 Everyday Rod Stewart, Miguel, Mark Ronson
78%
3 F**kin' Problems Drake, 2 Chainz, Kendrick Lamar
61%
11 Fashion Killa
57%
9 L$D
57%
7 I Smoked Away My Brain (I'm God x Demons Mashup) Imogen Heap, Clams Casino
52%
2 Sundress
52%
16 LVL
48%
29 Peso
48%
14 Am I Dreaming Metro Boomin, Roisee
43%
27 A$AP Forever Moby
35%
19 Jukebox Joints Joe Fox, Kanye West
35%
17 Potato Salad Tyler, The Creator
35%
28 Summer Bummer Lana Del Rey, Playboi Carti
35%
21 Fukk Sleep FKA twigs
30%
30 Purity Frank Ocean
30%
25 RAF A$AP Mob, Playboi Carti, Quavo, Lil Uzi Vert, Frank Ocean
30%
15 Wild for the Night Skrillex, Birdy Nam Nam, Lord Flacko
30%
22 Goldie
26%
10 Love$ick Mura Masa
26%
20 Who Dat Boy Tyler, The Creator
26%
26 Canal St. BONES
22%
5 Good For You Selena Gomez
22%
18 Hands on the Wheel ScHoolboy Q
17%
12 Lord Pretty Flacko Jodye 2 (LPFJ2)
17%
13 Work REMIX A$AP Ferg, French Montana, Trinidad James, ScHoolboy Q
17%
24 Shabba A$AP Ferg
13%
23 Babushka Boi
9%
6 No Limit G-Eazy, Cardi B
9%
8 PICK IT UP Famous Dex
9%
Aucun quiz correspondant
Distribution des résultats
% des personnes avec chaque résultat
Percentile par nombre de réponses
Votre historique - résultats
Vous n’avez pas pris ce quiz